000
00333nam a22001577a 4500
003
SGT
020
_a
978-81-7910-256-5
082
_a
641.3
_b
MOD
100
_a
MODI,H.A.
245
_a
FOOD BORNE ILLNESSES
250
_a
1ST
260
_a
INDIA
_b
AAVISHKAR PUB.
_c
2023
300
_a
192
650
_a
FOOD BORNE
942
_2
ddc
_c
BK
999
_c
28565
_d
28565